[Event "Eastern Asia-ch U14"]
[Site "Tornelo INT"]
[Date "2021.10.30"]
[Round "4"]
[White "Aashman, Gupta"]
[Black "Bharath, Subramaniyam H"]
[Result "0-1"]
[WhiteElo "1695"]
[BlackElo "2165"]
[PlyCount "160"]
[EventDate "2021.10.29"]
[EventType "swiss"]
[EventRounds "9"]
[EventCountry "NET"]
[SourceTitle "EXT 2023"]
[Source "ChessBase"]
[SourceDate "2022.10.05"]
[SourceVersion "1"]
[SourceVersionDate "2022.10.05"]
[SourceQuality "1"]

1. d4 d5 2. Bf4 e6 3. e3 Nf6 4. Nf3 c5 5. Nbd2 Bd6 6. Bb5+ Nc6 7. Bxd6 Qxd6 8. Ne5 0-0 9. Bxc6 bxc6 10. Nb3 c4 11. Nc5 Ne8 12. f4 f6 13. Nf3 Nc7 14. 0-0 Na6 15. Nxa6 Bxa6 16. c3 Rab8 17. Qd2 Rb6 18. Rab1 Rfb8 19. Qc1 c5 20. Re1 Bb5 21. Qd2 Be8 22. f5 exf5 23. dxc5 Qxc5 24. Nd4 Bg6 25. b4 cxb3 26. axb3 f4 27. Rbc1 h6 28. Qf2 fxe3 29. Rxe3 Kh7 30. Rg3 Re8 31. h4 Re7 32. Rf1 Be4 33. Kh2 Qc7 34. Kh1 Re5 35. Qf4 Rb7 36. Qg4 Qf7 37. Kg1 Qh5 38. Qf4 Re8 39. Ra1 Bg6 40. Qf2 Qxh4 41. Nf5 Qh5 42. Nd6 Re2 43. Qf4 Rbe7 44. Rh3 Qe5 45. Qxe5 fxe5 46. Nb5 Be4 47. Rg3 Rf7 48. Rxa7 Re1+ 49. Kh2 Rxa7 50. Nxa7 d4 51. cxd4 exd4 52. Nb5 d3 53. Nc3 d2 54. Rg4 Bc2 55. Rd4 d1Q 56. Nxd1 Rxd1 57. Rxd1 Bxd1 58. b4 Ba4 59. Kg3 Kg6 60. Kf4 Kf6 61. g3 Bb5 62. Kg4 Ke5 63. Kh5 Kf5 64. Kh4 g5+ 65. Kh5 g4 66. Kh4 Be2 67. Kh5 Ke4 68. b5 Kf3 69. b6 Ba6 70. Kh4 Bb7 71. Kh5 Kxg3 72. Kxh6 Kf3 73. Kg6 g3 74. Kf6 g2 75. Ke7 g1Q 76. Kd7 Qxb6 77. Ke7 Ke4 78. Kf7 Ke5 79. Kg7 Qf6+ 80. Kg8 Qe7 0-1